[Event "GRE-chT 49th"]
[Site "Thessaloniki"]
[Date "2022.08.14"]
[Round "4"]
[White "Pissadaki, Despoina"]
[Black "Kavakopoulou, Ioulia Anastasia"]
[Result "0-1"]
[WhiteElo "1165"]
[BlackElo "1430"]
[PlyCount "120"]
[EventDate "2022.08.12"]
[EventType "team-swiss"]
[EventRounds "7"]
[EventCountry "GRE"]
[SourceTitle "EXT 2024"]
[Source "ChessBase"]
[SourceDate "2023.10.10"]
[SourceVersion "1"]
[SourceVersionDate "2023.10.10"]
[SourceQuality "1"]
[WhiteTeam "Asos Rodou Hippotis"]
[BlackTeam "Eso Papafe Chronikon"]
[WhiteTeamCountry "GRE"]
[BlackTeamCountry "GRE"]

1. e4 e6 2. d4 d5 3. exd5 exd5 4. Nf3 Bd6 5. Bd3 Nc6 6. 0-0 Bg4 7. Be3 Nge7 8. Nbd2 f5 9. Bg5 Nxd4 10. Bxe7 Bxe7 11. c3 Nxf3+ 12. Nxf3 Qd6 13. h3 Bxf3 14. Qxf3 g6 15. c4 0-0-0 16. Rfe1 Rhe8 17. Qe3 Qb6 18. Qh6 Bc5 19. Rf1 dxc4 20. Bxc4 Rd7 21. b3 a6 22. Qh4 Red8 23. a4 Bd4 24. Rab1 Kb8 25. Qg3 Qd6 26. Qxd6 Rxd6 27. Rfe1 Bf6 28. Rbc1 Rd2 29. Bf7 Rb2 30. Rcd1 Bd4 31. Kh1 Rxf2 32. Re7 c5 33. Bc4 h5 34. Re6 g5 35. Rb6 Ka7 36. a5 Ra2 37. b4 Ra4 38. Rh6 Rxb4 39. Be6 Bf6 40. Rxd8 Bxd8 41. Bxf5 h4 42. Rh7 Bxa5 43. Rg7 Bd8 44. Rg8 Rf4 45. Bd3 Rd4 46. Be2 Re4 47. Bf3 Re1+ 48. Kh2 Bc7+ 49. g3 Bxg3+ 50. Kg2 Bf4 51. Rg7 Rb1 52. Rf7 c4 53. Rf5 c3 54. Rc5 Rb2+ 55. Kf1 c2 56. Be2 c1Q+ 57. Rxc1 Bxc1 58. Kf2 Rxe2+ 59. Kxe2 a5 60. Kf3 a4 0-1

[Event "GRE-ch U18 Girls"]
[Site "Kavala"]
[Date "2022.04.30"]
[Round "7"]
[White "Tsapaki, Asimenia"]
[Black "Kavakopoulou, Ioulia Anastasia"]
[Result "1-0"]
[WhiteElo "1433"]
[BlackElo "1394"]
[PlyCount "81"]
[EventDate "2022.04.26"]
[EventType "swiss"]
[EventRounds "9"]
[EventCountry "GRE"]
[SourceTitle "CBM 208 Extra"]
[Source "ChessBase"]
[SourceDate "2022.07.31"]
[SourceVersion "1"]
[SourceVersionDate "2022.07.31"]
[SourceQuality "1"]

1. c4 c6 2. Nf3 Nf6 3. e3 d5 4. b3 Bg4 5. Bb2 e6 6. d4 Be7 7. Nbd2 Nbd7 8. Bd3 0-0 9. 0-0 Rc8 10. Rc1 c5 11. Qe2 cxd4 12. exd4 b6 13. Qe3 Bh5 14. Ne5 dxc4 15. Nxd7 Qxd7 16. bxc4 Rfd8 17. Nf3 Bg6 18. Ne5 Qb7 19. Bxg6 hxg6 20. Rfe1 Bb4 21. Re2 Re8 22. Ba3 Bxa3 23. Qxa3 Nd7 24. Nd3 Qc7 25. h3 Red8 26. d5 Nf8 27. Ree1 Qb7 28. Nb4 a5 29. Nc6 Re8 30. Rb1 Rxc6 31. dxc6 Qxc6 32. Qb3 Nd7 33. Qb5 Qc7 34. Red1 Rd8 35. Rd2 Kf8 36. Rbd1 Ke7 37. Rd4 f6 38. Qb1 Kf7 39. Rd6 f5 40. Qb2 e5 41. Qd2 1-0

[Event "GRE-ch U18 Girls"]
[Site "Kavala"]
[Date "2022.04.29"]
[Round "5"]
[White "Kavakopoulou, Ioulia Anastasia"]
[Black "Apostolidou, Eleni"]
[Result "0-1"]
[WhiteElo "1394"]
[BlackElo "1484"]
[PlyCount "80"]
[EventDate "2022.04.26"]
[EventType "swiss"]
[EventRounds "9"]
[EventCountry "GRE"]
[SourceTitle "CBM 208 Extra"]
[Source "ChessBase"]
[SourceDate "2022.07.31"]
[SourceVersion "1"]
[SourceVersionDate "2022.07.31"]
[SourceQuality "1"]

1. d4 d5 2. c4 e6 3. Nf3 Be7 4. Nc3 Nf6 5. Bg5 Nbd7 6. e3 0-0 7. Bd3 c5 8. 0-0 b6 9. cxd5 Nxd5 10. Bxe7 Qxe7 11. Nxd5 exd5 12. Qc2 h6 13. Rfe1 c4 14. Bf1 Bb7 15. e4 dxe4 16. Nd2 Nf6 17. Nxc4 Rac8 18. Qa4 Bc6 19. Qb3 Rfd8 20. Rad1 Bd5 21. Qa4 Qe6 22. b3 Rb8 23. Qxa7 Ra8 24. Qxb6 Bxc4 25. Qxe6 Bxe6 26. Rd2 Ra3 27. Bb5 Bd7 28. Bxd7 Rxd7 29. Re3 Rda7 30. Ree2 Rxb3 31. g3 Rba3 32. Kg2 Rd7 33. Re3 Ra4 34. Rb3 Raxd4 35. Rxd4 Rxd4 36. Rb2 Ra4 37. Rb8+ Kh7 38. Rb2 Nd5 39. Rb7 f6 40. Rb2 Nc3 0-1

[Event "GRE-ch U18 Girls"]
[Site "Kavala"]
[Date "2022.04.27"]
[Round "2"]
[White "Angelakopoulou, Ioanna"]
[Black "Kavakopoulou, Ioulia Anastasia"]
[Result "1/2-1/2"]
[WhiteElo "1319"]
[BlackElo "1394"]
[PlyCount "91"]
[EventDate "2022.04.26"]
[EventType "swiss"]
[EventRounds "9"]
[EventCountry "GRE"]
[SourceTitle "CBM 208 Extra"]
[Source "ChessBase"]
[SourceDate "2022.07.31"]
[SourceVersion "1"]
[SourceVersionDate "2022.07.31"]
[SourceQuality "1"]

1. d4 d5 2. c4 c6 3. Nc3 Nf6 4. Nf3 e6 5. Bg5 Be7 6. e3 0-0 7. Bd3 h6 8. Bh4 Nbd7 9. 0-0 c5 10. cxd5 Nxd5 11. Bxe7 Nxe7 12. Qc2 cxd4 13. Nxd4 Ne5 14. Be2 N7c6 15. Rfd1 Qe7 16. a3 Bd7 17. Qe4 f5 18. Nxc6 Nxc6 19. Qf4 e5 20. Qg3 Be6 21. Rd2 f4 22. exf4 exf4 23. Qf3 Ne5 24. Qe4 Nc6 25. Nd5 Bxd5 26. Qxd5+ Kh8 27. Qd7 Rf7 28. Rad1 Qxd7 29. Rxd7 Rxd7 30. Rxd7 Re8 31. Kf1 Re7 32. Rxe7 Nxe7 33. Bf3 Nc6 34. Bxc6 bxc6 35. Ke2 Kg8 36. Kd3 Kf7 37. Kc4 Ke6 38. Kc5 Kd7 39. h4 g6 40. b4 g5 41. h5 g4 42. a4 Kc7 43. a5 Kb7 44. Kd6 f3 45. g3 Ka6 46. Kxc6 1/2-1/2

[Event "GRE-chT Online Rapid op 1st"]
[Site "Tornelo INT"]
[Date "2021.02.21"]
[Round "9.20"]
[White "Kavakopoulou, Ioulia Anastasia"]
[Black "Petratos, Georgios"]
[Result "1-0"]
[WhiteElo "1407"]
[BlackElo "1520"]
[PlyCount "51"]
[EventDate "2021.02.20"]
[EventType "team-swiss (rapid)"]
[EventRounds "9"]
[EventCountry "GRE"]
[SourceTitle "EXT 2023"]
[Source "ChessBase"]
[SourceDate "2022.10.05"]
[SourceVersion "1"]
[SourceVersionDate "2022.10.05"]
[SourceQuality "1"]

1. d4 f5 2. Bg5 h6 3. Bd2 Nf6 4. e3 e6 5. Nf3 b6 6. Ne5 Bb7 7. Be2 h5 8. e4 fxe4 9. Bg5 Nc6 10. Nc3 Bb4 11. Bxh5+ Rxh5 12. Bxf6 Qxf6 13. Qxh5+ g6 14. Qxg6+ Qxg6 15. Nxg6 Nxd4 16. 0-0-0 Bxc3 17. bxc3 Nb5 18. Kb2 0-0-0 19. h4 Nd6 20. h5 Kb8 21. h6 Nf7 22. h7 Nh8 23. Nxh8 Rxh8 24. Rxd7 Bc6 25. Rg7 Rf8 26. Rg8 1-0

[Event "Thessaloniki White Tower op-C 41th"]
[Site "Thessaloniki"]
[Date "2019.01.03"]
[Round "2.12"]
[White "Alexandri, Dimitra"]
[Black "Kavakopoulou, Ioulia Anastasia"]
[Result "0-1"]
[WhiteElo "1031"]
[BlackElo "1160"]
[PlyCount "118"]
[EventDate "2019.01.02"]
[EventType "swiss"]
[EventRounds "6"]
[EventCountry "GRE"]
[SourceTitle "EXT 2024"]
[Source "ChessBase"]
[SourceDate "2023.10.10"]
[SourceVersion "1"]
[SourceVersionDate "2023.10.10"]
[SourceQuality "1"]

1. d4 d5 2. c4 c6 3. e3 Nf6 4. Nf3 Bg4 5. Be2 e6 6. Qb3 Qc7 7. Bd2 Be7 8. Nc3 0-0 9. Ne5 Bxe2 10. Nxe2 Nbd7 11. Nf3 Rab8 12. 0-0 Ne4 13. Rac1 Nxd2 14. Nxd2 Bd6 15. f4 Nf6 16. c5 Be7 17. Ng3 b6 18. Qc2 bxc5 19. dxc5 Rb5 20. Nb3 Rfb8 21. Ne2 Ne4 22. Ned4 R5b7 23. Rf3 Bxc5 24. Nxc5 Rxb2 25. Qd3 Rd2 26. Qf1 Rbb2 27. Nxe4 dxe4 28. Rg3 Rxa2 29. Nxc6 Rac2 30. Rb1 Rxc6 31. Qe1 Rdc2 32. Rxg7+ Kxg7 33. Qg3+ Kf8 34. Qh4 Rc1+ 35. Rxc1 Rxc1+ 36. Kf2 Qc2+ 37. Kg3 Qd2 38. Qh6+ Ke8 39. f5 exf5 40. Qf4 Rc3 41. Qb8+ Ke7 42. Qxa7+ Ke6 43. Qb6+ Qd6+ 44. Qxd6+ Kxd6 45. Kf4 Ke6 46. g4 fxg4 47. Kxg4 Rxe3 48. Kf4 Rh3 49. Kxe4 Rxh2 50. Kf3 f5 51. Kg3 Ra2 52. Kf4 Ra4+ 53. Kg5 f4 54. Kh6 f3 55. Kxh7 f2 56. Kg6 f1Q 57. Kg5 Qf5+ 58. Kh6 Rh4+ 59. Kg7 Qf7# 0-1

[Event "Thessaloniki White Tower op-C 41th"]
[Site "Thessaloniki"]
[Date "2019.01.02"]
[Round "1.16"]
[White "Kavakopoulou, Ioulia Anastasia"]
[Black "Alexandri, Vasiliki"]
[Result "1-0"]
[WhiteElo "1160"]
[BlackElo "1000"]
[PlyCount "99"]
[EventDate "2019.01.02"]
[EventType "swiss"]
[EventRounds "6"]
[EventCountry "GRE"]
[SourceTitle "EXT 2024"]
[Source "ChessBase"]
[SourceDate "2023.10.10"]
[SourceVersion "1"]
[SourceVersionDate "2023.10.10"]
[SourceQuality "1"]

1. d4 d6 2. Nf3 Nf6 3. Bg5 Nbd7 4. Nbd2 e5 5. dxe5 dxe5 6. Ne4 Be7 7. Nxf6+ Bxf6 8. Bxf6 Qxf6 9. e4 0-0 10. Bc4 Nc5 11. Qd5 Nd7 12. Bb3 c6 13. Qa5 Re8 14. 0-0 b6 15. Qe1 Nc5 16. Qe3 Bg4 17. Bc4 Bxf3 18. Qxf3 Qxf3 19. gxf3 b5 20. Be2 Rad8 21. Rfd1 g6 22. b4 Na4 23. Kf1 Nc3 24. Rxd8 Rxd8 25. Bd3 Rd6 26. a3 Rf6 27. Kg2 Rf4 28. Re1 Kg7 29. Re3 Nd1 30. Re1 Nb2 31. Be2 Nc4 32. Bxc4 bxc4 33. Rd1 f5 34. Re1 fxe4 35. Rxe4 Rxe4 36. fxe4 Kf6 37. Kf3 Kg5 38. Kg3 Kh5 39. f4 exf4+ 40. Kxf4 g5+ 41. Ke3 Kg4 42. c3 Kh3 43. e5 Kxh2 44. e6 g4 45. e7 g3 46. e8Q g2 47. Qh5+ Kg1 48. Qd1+ Kh2 49. Kf2 Kh3 50. Qh5# 1-0